000 00545nam a2200193 a 4500
005 20140310183252.0
008 041020s19uu xx 00 eng d
020 _a0721692575
050 _aRD 51.3
_b.D73 2003
100 _aDrain, Cecil B.
245 _aPerianesthesia nursing :
_ba critical care approach /
_cCecil B. Drain.
260 _aUnited States :
_bSaunders,
_c2003.
300 _a793 p. :
_c27 cm.
521 _aNUR
650 _aPost anesthesia nursing.
650 _aRecovery rooms.
942 _cBK
_2lcc
_kFOR
999 _c20790
_d20790